Precious Stones in the Bible - Statistics

General Stats
  • This quiz has been taken 534 times
  • The average score is 8 of 22
Answer Stats
Answer % Correct
19 Ruby
94%
12 Diamond
92%
13 Emerald
88%
20 Sapphire
84%
18 Pearl
68%
2 Amethyst
59%
22 Topaz
59%
17 Onyx
47%
15 Jasper
34%
3 Beryl
28%
1 Agate
17%
11 Crystal
15%
5 Carnelian
12%
10 Coral
11%
6 Chalcedony
9%
21 Sardonyx
9%
4 Carbuncle
8%
14 Jacinth
8%
8 Chrysolite
7%
7 Chodchod
2%
9 Chrysophrasus
2%
16 Ligurus
2%
No matching quizzes found
Score Distribution
Percent of People with Each Score
Percentile by Number Answered
Your Score History
You have not taken this quiz